000 00399nam a22001577a 4500
003 OSt
005 20210921155159.0
008 210921b |||||||| |||| 00| 0 eng d
040 _cHAWASSA UNIVERSITY
050 _a333.954/HUX
_b1
082 _a333.954/HUX
_b1
100 _aHUXLEY JULIETTE
_qHUXLEY JULIETTE
_95773
245 _aWILD LIVES OF AFRICA
260 _aLONDON
_c1963
942 _2ddc
_cBOOKS
_n0
999 _c5631
_d5631